Building utilities : electrical, mechanical, acoustic / (Record no. 1432)

MARC details
000 -LEADER
fixed length control field 00688nam a2200217 4500
003 - CONTROL NUMBER IDENTIFIER
control field OSt
005 - DATE AND TIME OF LATEST TRANSACTION
control field 20240626084154.0
008 - FIXED-LENGTH DATA ELEMENTS--GENERAL INFORMATION
fixed length control field 240626b |||||||| |||| 00| 0 eng d
020 ## - INTERNATIONAL STANDARD BOOK NUMBER
International Standard Book Number 9789719349563
040 ## - CATALOGING SOURCE
Original cataloging agency DWCL-Main lib.
Transcribing agency OC
082 ## - DEWEY DECIMAL CLASSIFICATION NUMBER
Classification number Fil. 620 B229b 2006
006 - FIXED-LENGTH DATA ELEMENTS--ADDITIONAL MATERIAL CHARACTERISTICS
fixed length control field a
100 ## - MAIN ENTRY--PERSONAL NAME
Personal name Barba, Joshua A.
245 ## - TITLE STATEMENT
Title Building utilities : electrical, mechanical, acoustic /
260 ## - PUBLICATION, DISTRIBUTION, ETC.
Place of publication, distribution, etc. Legazpi City :
Name of publisher, distributor, etc. Andes Mountain Printers,
Date of publication, distribution, etc. c2006.
300 ## - PHYSICAL DESCRIPTION
Other physical details 243 p. : ill. ;
Dimensions 25 cm.
650 ## - SUBJECT ADDED ENTRY--TOPICAL TERM
Topical term or geographic name entry element 1. Electrical engineering-Terminology.
650 ## - SUBJECT ADDED ENTRY--TOPICAL TERM
Topical term or geographic name entry element 2. Mechanical engineering-Terminology.
650 ## - SUBJECT ADDED ENTRY--TOPICAL TERM
Topical term or geographic name entry element 3. Architectural acoustics-Terminology.
942 ## - ADDED ENTRY ELEMENTS (KOHA)
Source of classification or shelving scheme Dewey Decimal Classification
Suppress in OPAC No
Koha item type Book-Filipiniana
Call number prefix Fil.
Holdings
Withdrawn status Lost status Source of classification or shelving scheme Damaged status Not for loan Home library Current library Shelving location Date acquired Source of acquisition Cost, normal purchase price Total Checkouts Full call number Barcode Date last seen Copy number Price effective from Koha item type Uniform Resource Identifier
    Dewey Decimal Classification     College Library College Library Filipiniana 09/25/2009 School Fund 898.00   Fil. 620 B229b 2006 46816 06/26/2024 c1 06/26/2024 Book-Filipiniana
    Dewey Decimal Classification     College Library College Library Filipiniana 01/26/2012 School Fund     Fil. 620 B229b 2006 49099 06/26/2024 c2 06/26/2024 Book-Filipiniana